Astronomy and astrophysics abstracts (Record no. 3420)
[ view plain ]
| 000 -LEADER | |
|---|---|
| fixed length control field | 00787nam a2200229Ia 4500 |
| 003 - CONTROL NUMBER IDENTIFIER | |
| control field | IN-BaIIA |
| 008 - FIXED-LENGTH DATA ELEMENTS--GENERAL INFORMATION | |
| fixed length control field | 211028s9999 xx 000 0 eng d |
| 040 ## - CATALOGING SOURCE | |
| Transcribing agency | IIA Library |
| 080 ## - UNIVERSAL DECIMAL CLASSIFICATION NUMBER | |
| Universal Decimal Classification number | 048.1.:52/69-1 |
| 245 #0 - TITLE STATEMENT | |
| Title | Astronomy and astrophysics abstracts |
| Remainder of title | vol. 1 |
| Statement of responsibility, etc. | edited by W. Fricke, ed.…[et al.] |
| 260 ## - PUBLICATION, DISTRIBUTION, ETC. | |
| Place of publication, distribution, etc. | Berlin |
| Name of publisher, distributor, etc. | Springer-Verlag |
| Date of publication, distribution, etc. | 1969 |
| 300 ## - PHYSICAL DESCRIPTION | |
| Extent | x, 435p. |
| 650 ## - SUBJECT ADDED ENTRY--TOPICAL TERM | |
| Topical term or geographic name entry element | Abstracts-Astronomy and Astrophysics |
| 9 (RLIN) | 6051 |
| 650 ## - SUBJECT ADDED ENTRY--TOPICAL TERM | |
| Topical term or geographic name entry element | Astronomy and Astrophysics Abstracts |
| 9 (RLIN) | 6052 |
| 650 ## - SUBJECT ADDED ENTRY--TOPICAL TERM | |
| Topical term or geographic name entry element | Astronomy and Astrophysics Thesaurus |
| 700 ## - ADDED ENTRY--PERSONAL NAME | |
| Personal name | Fricke, W., ed. |
| 9 (RLIN) | 6053 |
| 700 ## - ADDED ENTRY--PERSONAL NAME | |
| Personal name | Guntzel-Lingner, U.,ed. |
| 9 (RLIN) | 6054 |
| 700 ## - ADDED ENTRY--PERSONAL NAME | |
| Personal name | Henn, F., ed. |
| 9 (RLIN) | 6055 |
| 700 ## - ADDED ENTRY--PERSONAL NAME | |
| Personal name | Krahn, D., ed. |
| 9 (RLIN) | 6056 |
| 700 ## - ADDED ENTRY--PERSONAL NAME | |
| Personal name | Zech, ed. |
| 9 (RLIN) | 6057 |
| 942 ## - ADDED ENTRY ELEMENTS (KOHA) | |
| Koha item type | Books |
| Withdrawn status | Lost status | Source of classification or shelving scheme | Damaged status | Not for loan | Home library | Current library | Shelving location | Date acquired | Cost, normal purchase price | Total Checkouts | Full call number | Barcode | Date last seen | Cost, replacement price | Price effective from | Koha item type | Purchase Price |
|---|---|---|---|---|---|---|---|---|---|---|---|---|---|---|---|---|---|
| Dewey Decimal Classification | IIA Library-Bangalore | IIA Library-Bangalore | General Stacks | 31/03/1970 | 166.32 | 048.1:52/ AAA-1 | 3803 | 05/11/2021 | 166.32 | 31/03/1970 | Books | Rs. 166.32 |